书目信息 |
| 题名: |
Visual C++ 6.0数据库系统开发实例导航
|
|
| 作者: | 李闽溟 , 吴继刚 , 周学明 编著 | |
| 分册: | ||
| 出版信息: | 北京 人民邮电出版社 2002.10 |
|
| 页数: | 406页 | |
| 开本: | 26cm | |
| 丛书名: | 中小型信息管理系统开发实例系列丛书 | |
| 单 册: | ||
| 中图分类: | TP311.132 | |
| 科图分类: | ||
| 主题词: | C语言--数据库系统--程序设计 , C语言 , 数据库系统 , 程序设计 | |
| 电子资源: | ||
| ISBN: | 7-115-10642-8 | |
| 000 | 01000nam2 2200301 45 | |
| 001 | 012004000000 | |
| 005 | 20060113151836.96 | |
| 010 | @a7-115-10642-8@dCNY 44.00 | |
| 100 | @a20041122e20042002em y0chiy0121 ea | |
| 101 | 0 | @achi |
| 102 | @aCN@b110000 | |
| 105 | @aak z 000yy | |
| 200 | 1 | @aVisual C++ 6.0数据库系统开发实例导航@AVisual C++ 6.0 shu ju ku xi tong kai fa shi li dao hang@f李闽溟, 吴继刚, 周学明编著 |
| 210 | @a北京@c人民邮电出版社@d2002.10@h2004.6重印 | |
| 215 | @a406页@c图, 表格@d26cm@e附光盘1片 | |
| 225 | 2 | @a中小型信息管理系统开发实例系列丛书 |
| 307 | @a附光盘: ISBN 7-115-10642-8 | |
| 410 | 0 | @12001 @a中小型信息管理系统开发实例系列丛书 |
| 606 | 0 | @aC语言@x数据库系统@x程序设计 |
| 606 | 0 | @aC语言 |
| 606 | 0 | @a数据库系统 |
| 606 | 0 | @a程序设计 |
| 690 | @aTP311.132@v4 | |
| 701 | 0 | @a李闽溟@Ali min ming@4编著 |
| 701 | 0 | @a吴继刚@Awu ji gang@4编著 |
| 701 | 0 | @a周学明@Azhou xue ming@4编著 |
| 801 | 0 | @aCN@bQSSKcyc@c20060113 |
| 905 | @a10447@dTP311.132@eL214 | |
| Visual C++ 6.0数据库系统开发实例导航/李闽溟, 吴继刚, 周学明编著.-北京:人民邮电出版社,2002.10(2004.6重印) |
| 406页:图, 表格;26cm+附光盘1片.-(中小型信息管理系统开发实例系列丛书) |
| ISBN 7-115-10642-8:CNY 44.00 |
| ● |
| 相关链接 |
|
|
|
正题名:Visual C++ 6.0数据库系统开发实例导航
索取号:TP311.132/L214
 
预约/预借
| 序号 | 登录号 | 条形码 | 馆藏地/架位号 | 状态 | 备注 |
| 1 | 435524 | 204355241 | 期刊室512/301自科库 40排6列3层/ [索取号:TP311.132/L214] | 在馆 | |
| 2 | 435525 | 204355250 | 自科二线404/404自科库 18排3列6层/ [索取号:TP311.132/L214] | 在馆 | |
| 3 | 435526 | 204355269 | 自科二线404/404自科库 18排5列6层/ [索取号:TP311.132/L214] | 在馆 | |
| 4 | 435527 | 204355278 | 自科二线404/404自科库 18排5列6层/ [索取号:TP311.132/L214] | 在馆 | |
| 5 | 435528 | 204355287 | 期刊室512/301自科库 40排6列3层/ [索取号:TP311.132/L214] | 在馆 | |
| 6 | 442791 | 204427913 | 自科二线404/301自科库 41排1列4层/ [索取号:TP311.132/L214] | 在馆 |